00817nam a22001457a 4500020001800000245010000018260004100118300001700159563000800176942001200184999001900196952015200215952015200367952015200519 a9781781634141 aEncyclopaedia of The Rule of Law, Islam and Constitutional Politics /cEdited by Derrick Miller aLondon:bKoros Press Limited,c2015. a3 Volume Set aHB. 2ddccBK c613808d613808 00102ddc40709639748aNLSbNLSd2025-05-26hVol-1o340.59 ENCpNLS-1719r2025-05-26w2025-05-26yBKzTransfer to Center for Legal Research (NLS) 00102ddc40709639749aNLSbNLSd2025-05-26hVol-2o340.59 ENCpNLS-1720r2025-05-26w2025-05-26yBKzTransfer to Center for Legal Research (NLS) 00102ddc40709639750aNLSbNLSd2025-05-26hVol-3o340.59 ENCpNLS-1721r2025-05-26w2025-05-26yBKzTransfer to Center for Legal Research (NLS)